Missing Word: 1990s 'E' Song Endings Quiz Stats

Quiz Updated Jun 16, 2016

Challenge
Share
Tweet
Embed
Score 0/16 Timer 04:00
0 Plays Today
Song Missing Word % Correct
Fly Like An _____Eagle
97%
Look Into My _____Eyes
96.6%
Livin' On The _____Edge
95.2%
My Own Worst _____Enemy
93.7%
From Here To _____Eternity
89.7%
Sometimes Love Just Ain't _____Enough
80.7%
I'll Be Your _____Everything
77%
Take It _____Easy
63.7%
Song Missing Word % Correct
Made In _____England
60.4%
Everything To _____Everyone
55.8%
No One _____Else
52.9%
Flava In Ya _____Ear
51.3%
Big _____Empty
17.8%
Love And _____Emotion
16.9%
No _____Excuses
15.5%
Einstein On The Beach
(For An _____)
Eggman
7.1%

Today's Daily Dose

Missing Word
Fruity Song Titles

Quick Pick
Double Blanks

On This Day
June 22nd II

You're not logged in!

Compare scores with friends on all Sporcle quizzes.
Join for Free
OR
Log In

You Might Also Like...

Show Comments

Extras

Top Quizzes Today


Score Distribution

Your Account Isn't Verified!

In order to create a playlist on Sporcle, you need to verify the email address you used during registration. Go to your Sporcle Settings to finish the process.

Report this User

Report this user for behavior that violates our Community Guidelines.

Details: